Variaciones sobre la historia del arte: ensayos y conversaciones
Guardat en:
| Autor principal: | |
|---|---|
| Format: | Llibre |
| Idioma: | espanyol |
| Publicat: |
Buenos Aires
Edhasa
2015
|
| Edició: | 1a. ed |
| Col·lecció: | Ideas
|
| Matèries: | |
| Etiquetes: |
Afegir etiqueta
Sense etiquetes, Sigues el primer a etiquetar aquest registre!
|
MARC
| LEADER | 00000cam a2200000 a 4500 | ||
|---|---|---|---|
| 001 | UCE8342 | ||
| 003 | CL-VaPUC | ||
| 008 | 150731e20150000ag |||||||||||||||||spa|d | ||
| 020 | |a 9789876283533 | ||
| 082 | 0 | 4 | |a 700.1 |b GOM |2 21 |
| 100 | |a Gombrich, Ernst Hans |e autor |9 598146 | ||
| 245 | 1 | 0 | |a Variaciones sobre la historia del arte: ensayos y conversaciones |
| 250 | |a 1a. ed | ||
| 300 | |a 336 p | ||
| 942 | |c BK | ||
| 945 | |d 20150731 12:25:00 |a dcastane | ||
| 260 | |a Buenos Aires |b Edhasa |c 2015 | ||
| 650 | 0 | |a Historia del arte |9 314877 | |
| 583 | |a last modification |c 20150731 12:25:00 |k Rodrigo Vera | ||
| 490 | 0 | |a Ideas | |
| 999 | |c 360238 |d 360236 | ||
| 952 | |0 0 |1 0 |3 erb |4 0 |6 700_100000000000000_GOM_2015 |7 0 |8 A |9 469932 |a BIBART |b BIBART |i 5192048 |l 3 |o 700.1 GOM 2015 |p 5192048 |q 2025-07-31 |r 2025-03-31 |s 2025-03-31 |w 2019-11-23 |y BK |z Catalogado en:20150731 |k ART | ||